000 01178cam a22003375a 4500
001 18148421
003 PILC
005 20151105083451.0
008 140512s2015 cau b 001 0 eng
010 _a 2014940524
020 _a9781446201381 (hardback)
020 _a1446201384 (hardback)
020 _a9781446201398 (paperback)
020 _a1446201392 (paperback)
040 _aDLC
_beng
_erda
_cDLC
042 _apcc
050 _aRC 337
_b.D657 2015
100 1 _aMcLeod, John,
_d1951-
240 1 0 _aDoing counselling research
245 1 0 _aDoing research in counselling and psychotherapy /
_cJohn McLeod.
250 _aThird edition.
260 _aLos Angeles :
_bSAGE,
_c2015.
300 _axi, 269 pages ;
_c26 cm.
500 _aRevision of: Doing counselling research. 2nd ed. London : SAGE, 2003.
500 _aIncludes bibliographical references and index.
650 0 _aCounseling
_xResearch
_xMethodology.
906 _a0
_bibc
_corigcop
_d2
_encip
_f20
_gy-gencatlg
942 _2lcc
_cBK
_kFOR
999 _c288888
_d288888